000
00247nam a22001097a 4500
082
_a
380
100
_a
Saleemi N.A
245
_a
Commercial knowledge and communication
260
_a
Nairobi,kenya
_b
N.A saleemi
_c
1991
300
_a
270p
942
_c
BK
999
_c
18024
_d
18024